Inovačná výkonnosť sektora služieb - SR v rámci EÚ: meranie a výsledky merania
Špecifiká inovácií v službách. Meranie inovačnej výkonnosti sektora služieb v krajinách Európskej únie. Inovačná výkonnosť sektora služieb v krajinách EÚ s dôrazom na SR. Inovačný index sektora služieb (SSII), jeho prínosy a nedostatky.
Salvato in:
| Autore principale: | |
|---|---|
| Natura: | Capitolo di libro |
| Lingua: | slovacco |
| Soggetti: | |
| Tags: |
Nessun Tag, puoi essere il primo ad aggiungerne!!
|
MARC
| LEADER | 00000nla$a2200000$$$4500 | ||
|---|---|---|---|
| 001 | 0147627 | ||
| 005 | 20240605121345.9 | ||
| 041 | 0 | |a slo | |
| 044 | |a SK | ||
| 245 | 1 | 0 | |a Inovačná výkonnosť sektora služieb - SR v rámci EÚ: meranie a výsledky merania |c Dorota Lattová |
| 520 | |a Špecifiká inovácií v službách. Meranie inovačnej výkonnosti sektora služieb v krajinách Európskej únie. Inovačná výkonnosť sektora služieb v krajinách EÚ s dôrazom na SR. Inovačný index sektora služieb (SSII), jeho prínosy a nedostatky. | ||
| 610 | 2 | 0 | |a sektor terciárny |
| 610 | 2 | 0 | |a inovácia |
| 610 | 2 | 0 | |a výkonnosť |
| 610 | 2 | 0 | |a meranie |
| 610 | 2 | 0 | |a Európska únia |
| 610 | 2 | 0 | |a Slovensko |
| 100 | 1 | |a Lattová, Dorota | |